000 00504nam a2200181Ia 4500
001 7411
005 20260306160453.0
008 260306t2007||||xx |||||||||||||| ||spa||
041 _aESP
082 _a338.98
_bC46
100 _aCentro Latinoamericano para Relaciones con Europa
_eAUT
245 0 _aRelación Unión europea / América latina y el Caribe:
_bdocumentación de base
260 _c2007
300 _a335 páginas :
_c21 cm.
650 _aGEN
654 _aCAN
942 _cLIB
_dJUS
_fJUS
_2ddc
_n
999 _c7411
_d7411